000 00743nam a2200181 i 4500
001 151475
003 ES-MaACL
005 20260203063033.0
008 931025s1879 phl |||| | spa d
100 0 _aAndrés de San Agustín,
_c(O. de M.)
_9125670
245 1 0 _aArte de la lengua bicol para la enseñanza de este idioma dispuesto y ordenado /
_cpor Andres de San Agustín ; dado a luz corregido y adicionado... Manuel Mª Crespo.
260 _aManila :
_b[s.n.],
_c1879 (
_fTip. de Ramirez y Giraudier, a cargo de C. Miralles)
300 _aXII, 239 p. ;
_c21 cm.
650 4 _aLengua bicol.
_9162861
700 1 _aCrespo, Manuel María (
_d1839-)
_9126639
852 _aES-MaACL
_jB-1385
_z- Enc. hol.
999 _c151475
_d151475